Loading...
Science - Chemistry | 0 | 5 | 0 | 2 | 50 | 97 | 119.20 | 2 | 5 |
Science - Physics | 0 | 4 | 0 | 1 | 40 | 66 | 100.25 | 2 | 4 |
Fine Arts - Other Fine Arts | 0 | 4 | 0 | 1 | 40 | 57 | 108.75 | 1 | 3 |
Science - Other Science | 0 | 3 | 1 | 0 | 25 | 76 | 97.67 | 1 | 3 |
History - American History | 0 | 2 | 0 | 0 | 20 | 97 | 101.00 | 1 | 2 |
Science - Biology | 0 | 2 | 1 | 0 | 15 | 63 | 85.50 | 1 | 2 |
Literature - World Literature | 0 | 1 | 0 | 0 | 10 | 138 | 138.00 | 0 | 0 |
Religion | 0 | 1 | 0 | 0 | 10 | 71 | 71.00 | 1 | 1 |
Social Science | 0 | 1 | 0 | 0 | 10 | 83 | 83.00 | 0 | 1 |
History - European History | 0 | 1 | 0 | 0 | 10 | 132 | 132.00 | 0 | 0 |
History - Other History | 0 | 1 | 0 | 0 | 10 | 111 | 111.00 | 0 | 0 |
History - World History | 0 | 1 | 0 | 0 | 10 | 88 | 88.00 | 1 | 1 |
Literature - American Literature | 0 | 1 | 0 | 0 | 10 | 98 | 98.00 | 0 | 1 |
Literature - European Literature | 0 | 1 | 0 | 0 | 10 | 62 | 62.00 | 0 | 1 |
Fine Arts - Classical Music | 0 | 1 | 0 | 0 | 10 | 118 | 118.00 | 0 | 0 |
Fine Arts - Painting & Sculpture | 0 | 0 | 1 | 0 | -5 | 0.00 | 0 | 0 |